Datum a čas kvízu
26
Celkem bodů
Celkový počet nahraných bodů na tomto kvízu bez doplňovacích otázek.
6.
Pořadí na kvízu
Konečné umístění týmu na tomto kvízu.
Zaznamenané odpovědi
| # | Otázka | Odpověď | Body | Výsledky |
|---|---|---|---|---|
| 1. | Mobilní aplikace Tečka prošla... | v modré | 1 | |
| 2. | Zaměstnanci jednoho německého... | Volkswagen | 0 | |
| 3. | Jako vlajkovou loď svého progr... | Pan profesor | 0 | |
| 4. | Jedna úspěšná česká softwarová... | Avast | 0 | |
| 5. | Jak se jmenuje fotbalový klub,... | Paris St. Germain (PSG) | 0 | |
| 6. | V následujících otázkách se po... | lilek | 0 | |
| 7. | Jak se jmenuje italský dezert... | affogato | 0 | |
| 8. | Tradiční pesto vyrobené z baza... | Janov/Genova | 0 | |
| 9. | Na severu Itálie se v kuchyni... | polenta | 1 | |
| 10. | Uveďte název pečiva, které vid... | focaccia | 0 |